Jornada / Diputació de Barcelona. Xarxa de Municipis

Publicado: [Barcelona : la Diputació] , 2007
Descripción Física: 1 carpeta sense llom ; 31 cm

MARC

LEADER 00000nam a2200000Ia 4500
001 20784
008 160829s2007 xx 000 0 cat d
080 |a NBM-1-24 
110 1 |a Barcelona (Catalunya : Província).  |b Diputació  |9 52408 
245 |a Jornada / Diputació de Barcelona. Xarxa de Municipis 
260 |a [Barcelona :  |b la Diputació],  |c 2007 
300 |a 1 carpeta sense llom ;  |c 31 cm 
901 |a Arxiu 
942 |n 1 
952 |0 0  |1 0  |4 0  |6 NBM124  |7 1  |9 52595  |a Arxiu  |b Arxiu  |d 2016-12-01  |l 0  |o NBM-1-24  |p 20784  |r 2016-12-01 00:00:00  |w 2016-12-01  |y ARXIU 
999 |c 56444  |d 56444